Antenna theory: Analysis and design (Record no. 161349)

MARC details
000 -LEADER
fixed length control field 00388nam a2200157Ia 4500
008 - FIXED-LENGTH DATA ELEMENTS--GENERAL INFORMATION
fixed length control field 231217s9999 xx 000 0 und d
041 ## - LANGUAGE CODE
Language code of text/sound track or separate title English
082 ## - DEWEY DECIMAL CLASSIFICATION NUMBER
Classification number 621.384135 BAL;3
100 ## - MAIN ENTRY--PERSONAL NAME
Personal name Balanis, Constantine A
245 #0 - TITLE STATEMENT
Title Antenna theory: Analysis and design
250 ## - EDITION STATEMENT
Edition statement 1st ed.
260 ## - PUBLICATION, DISTRIBUTION, ETC.
Date of publication, distribution, etc. 1982
Name of publisher, distributor, etc. Harper and Row
300 ## - PHYSICAL DESCRIPTION
Extent xvii+790
650 ## - SUBJECT ADDED ENTRY--TOPICAL TERM
Topical term or geographic name entry element Antenna
942 ## - ADDED ENTRY ELEMENTS (KOHA)
Koha item type Books
Holdings
Date last seen Total checkouts Full call number Accession number Cost, total (INR) price Price effective from Category Lost status Damaged status Department Withdrawn status Home library Current library Entry date Cost, normal purchase price Grants Billnumber Billdate Currency symbol Conversion rate Discount Old discount
26/01/2024   621.384135 BAL;3 2425 301.95 26/01/2024 Books     Central Library   Central Library Central Library 16/08/1990 16.50 EC 441 01/08/1991 RS 18.3    

© For any Suggestions or Query, please contact the library staff @ librarian@pes.edu or Phone: +9180 2672 1983/ 2108.